Коррозионный мониторинг с применением альтернативных SCADA-систем; Молодежь и современные информационные технологии

Bibliographic Details
Parent link:Молодежь и современные информационные технологии.— 2006.— С. 267-268
Main Author: Пономаренко Ю. А.
Other Authors: Громаков Е. И. Евгений Иванович
Language:Russian
Published: 2006
Subjects:
Format: Book Chapter
KOHA link:https://koha.lib.tpu.ru/cgi-bin/koha/opac-detail.pl?biblionumber=108976

MARC

LEADER 00000naa2a2200000 4500
001 108976
005 20240207130245.0
035 |a (RuTPU)RU\TPU\book\117631 
090 |a 108976 
100 |a 20070129d2006 k y0rusy50 ca 
101 0 |a rus 
102 |a RU 
200 1 |a Коррозионный мониторинг с применением альтернативных SCADA-систем  |f Ю. А. Пономаренко, Е. И. Громакова 
463 0 |0 (RuTPU)RU\TPU\book\108762  |t Молодежь и современные информационные технологии  |o сборник трудов IV Всероссийской научно-практической конференции студентов, аспирантов и молодых ученых, г. Томск, 28 февраля - 2 марта 2006 г.  |f Томский политехнический университет; Молодежь и современные информационные технологии  |v С. 267-268  |d 2006  |p 418 с. 
610 1 |a альтернативные системы 
610 1 |a SCADA-системы 
610 1 |a коррозия 
610 1 |a коррозионный мониторинг 
610 1 |a трубопроводы 
610 1 |a нефтепроводы 
610 1 |a труды учёных ТПУ 
700 1 |a Пономаренко  |b Ю. А. 
701 1 |a Громаков  |b Е. И.  |c специалист в области автоматизированных систем управления  |c доцент Томского политехнического университета, кандидат технических наук  |f 1943-  |g Евгений Иванович  |3 (RuTPU)RU\TPU\pers\25727  |9 11629 
801 1 |a RU  |b 63413507  |c 20070129  |g PSBO 
801 2 |a RU  |b 63413507  |c 20131217  |g RCR 
942 |c BK